Statistics for Main Anime Characters by Anime

Click here to take the quiz!

General Stats

  • This quiz has been taken 131 times
  • The average score is 19 of 34

Answer Stats

Answer% Correct
Eren Yeager
97%
L Lawliet
96%
Light Yagami
89%
Izuku Midoriya
88%
Saitama
88%
Mikasa Ackerman
87%
Armin Arlert
84%
Alphonse Elric
81%
Asuna Yuuki
78%
Ken Kaneki
78%
Kazuto Kirigaya
77%
Edward Elric
74%
Misa Amane
65%
Toshinori Yagi
64%
Genos
62%
Katsuki Bakugou
57%
Ryuk
57%
Rem
56%
Yato
53%
Ochako Uraraka
50%
Nate River
48%
Yukiteru Amano
48%
Touka Kirishima
47%
Yuno Gasai
43%
Sora
41%
Subaru Natsuki
38%
Shiro
37%
Emilia
36%
Mihael Keehl
27%
Yukine
23%
Iki Hiyori
22%
Suguha Kirigaya
17%
Jibril
15%
Stephanie Dola
13%

Score Distribution

Percentile by Number Answered

Percent of People with Each Score

Your Score History

You have not taken this quiz